Música y artes visuales : (Registro nro. 20058)

Detalles MARC
000 -LEADER
campo de control de longitud fija 02657cam a22004454i 4500
003 - IDENTIFICADOR DE NÚMERO DE CONTROL
campo de control PE-LiUPU
005 - FECHA Y HORA DE LA ÚLTIMA TRANSACCIÓN
campo de control 20250731183358.0
008 - DATOS DE LONGITUD FIJA--INFORMACIÓN GENERAL
campo de control de longitud fija 150520s2012 ag a rb 000 0 spa d
020 ## - NÚMERO INTERNACIONAL ESTÁNDAR DEL LIBRO
Número Internacional Estándar del Libro 9789505503407
035 ## - NÚMERO DE CONTROL DEL SISTEMA
Número de control de sistema (Sirsi) i9789505503407
040 ## - FUENTE DE CATALOGACIÓN
Centro catalogador/agencia de origen PE-LiUPU
Lengua de catalogación spa
Centro/agencia transcriptor PE-LiUPU
Normas de descripción rda
049 ## - FONDOS LOCALES (OCLC)
Biblioteca depositaria PRUA
082 04 - NÚMERO DE LA CLASIFICACIÓN DECIMAL DEWEY
Número de clasificación 780.7
Cutter O54
100 1# - ENTRADA PRINCIPAL--NOMBRE DE PERSONA
Nombre de persona D'Onofrio, Silvana,
Término indicativo de función/relación autor.
245 10 - MENCIÓN DEL TÍTULO
Título Música y artes visuales :
Resto del título una propuesa integradora /
Mención de responsabilidad, etc. Silvana D'Onofrio.
250 ## - MENCION DE EDICION
Mención de edición 1a ed.
264 #1 - PRODUCCIÓN, PUBLICACIÓN, DISTRIBUCIÓN, FABRICACIÓN Y COPYRIGHT
Producción, publicación, distribución, fabricación y copyright Buenos Aires :
Nombre del de productor, editor, distribuidor, fabricante Magisterio del Rio de la Plata, Grupo editorial Lumen,
Fecha de producción, publicación, distribución, fabricación o copyright [2012].
300 ## - DESCRIPCIÓN FÍSICA
Extensión 1 CD-ROM
300 ## - DESCRIPCIÓN FÍSICA
Extensión 105 páginas :
Otras características físicas ilustraciones ;
Dimensiones 26 centímetros
336 ## - TIPO DE CONTENIDO
Término de tipo de contenido text
Fuente rdacontent
337 ## - TIPO DE MEDIO
Nombre/término del tipo de medio unmediated
Fuente rdamedia
338 ## - TIPO DE SOPORTE
Nombre/término del tipo de soporte volume
Fuente rdacarrier
490 0# - MENCIÓN DE SERIE
Mención de serie integrARTE
504 ## - NOTA DE BIBLIOGRAFÍA, ETC.
Nota de bibliografía, etc. Bibliografía: página 87.
505 0# - NOTA DE CONTENIDO CON FORMATO
Nota de contenido con formato Un especial agradecimiento para -- Colección "Las artes en el nivel preescolar y primer ciclo de la escuela primaria -- A modo de introducción y fundamentación -- Algunas consideraciones -- Sobre el entorno sonoro -- Sobre el niño, la escuela y el arte -- Sobre la escuela musical -- El paisaje sonoro -- Antes de comenzar la tarea -- Objetivos -- Actividades -- ¿Cómo suenan las cosas? -- Reconociendo nuestro entorno -- A escuchar con los ojos -- Los textos tienen sonidos -- Un proyecto escolar -- Datos biográficos -- Los instrumentos y las artes plásticas -- Antes de iniciar la tarea -- Otras formas de ordenar los instrumentos -- Familias de instrumentos -- Familia de la cuerda -- Familia de la madera -- Familia de la percusión -- Ahora, a trabajar -- Objetivos -- Datos de obras y autores -- Cantares que van contando -- Antes de iniciar la tarea -- Hagamos historia -- Actividades -- Datos biográficos -- Canciones que cuentan historias -- Sugerimos la siguiente música para escuchar.
526 ## - NOTA DE INFORMACIÓN SOBRE EL PROGRAMA DE ESTUDIO
Nombre del programa Maestría Bim Facility Management (A distancia)
526 ## - NOTA DE INFORMACIÓN SOBRE EL PROGRAMA DE ESTUDIO
Nombre del programa
526 ## - NOTA DE INFORMACIÓN SOBRE EL PROGRAMA DE ESTUDIO
Nombre del programa Educación musical y artes
526 ## - NOTA DE INFORMACIÓN SOBRE EL PROGRAMA DE ESTUDIO
Nombre del programa Educación, especialidad educación física
526 ## - NOTA DE INFORMACIÓN SOBRE EL PROGRAMA DE ESTUDIO
Nombre del programa Arquitectura
541 ## - NOTA DE FUENTE DE ADQUISICIÓN DIRECTA
-- 043-0014414;
596 ## -
-- 1
650 14 - PUNTO DE ACCESO ADICIONAL DE MATERIA--TÉRMINO DE MATERIA
Término de materia o nombre geográfico como elemento de entrada Arte
Subdivisión general Estudio y enseñanza (Primaria).
650 14 - PUNTO DE ACCESO ADICIONAL DE MATERIA--TÉRMINO DE MATERIA
Término de materia o nombre geográfico como elemento de entrada Música
Subdivisión general Estudio y enseñanza (Elemental).
910 ## - DATOS DE OPCIÓN DEL USUARIO (OCLC)
Datos de opción del usuario rdg
-- jck
-- rdg
-- 20150520
942 ## - ELEMENTOS DE ENTRADA SECUNDARIOS (KOHA)
Fuente del sistema de clasificación o colocación Clasificación Decimal Dewey
Tipo de ítem Koha
949 ## - PROCESAMIENTO DE INFORMACIÓN LOCAL (OCLC)
a 780.7 O54
w DEWEY
c 1
i 71271
d 2016-9-15
e 2016-9-12
l CCODEBUL1
m BUL
n 1
p 7.23
r 0
s Y
t BOOK
u 2015-5-20
x EDUCACION
-- P20
0 COMPRA
o .STAFF. Colección General
994 ## -
-- C0
-- PEPRU
999 ## - NÚMEROS DE CONTROL DE SISTEMA (KOHA)
-- DEWEY
-- 71271
-- 2016-9-12
-- 2021-11-8
-- 5
-- CCODEBUL1
-- BUL
-- 1
-- 7.23
-- 0
-- Y
-- BOOK
-- 2015-5-20
-- EDUCACION
-- P20
-- COMPRA
-- .STAFF. Colección General
980 ## - EQUIVALENCIA O REFERENCIA-CRUZADA-MENCIÓN DE SERIE--NOMBRE DE PERSONA/TÍTULO [LOCAL, CANADÁ]
ID del último usuario que modificó el registro 1
Nombre del último usuario que modificó el registro ALBERTO SANCHEZ Responsable de Automatización
Existencias
Visto por última vez Número de inventario Total de préstamos Signatura topográfica completa Código de barras Fecha del último préstamo Copia número Coste, precio de reemplazo Fecha de reemplazo Facultad Tipo de ítem Koha Nota pública Estado de pérdida Fuente del sistema de clasificación o colocación Restricciones de uso No para préstamo Colección Programa académico Biblioteca de origen Biblioteca actual Ubicación en estantería Fecha de adquisición Fuente de adquisición Coste, precio normal de compra
2025-12-03 6 2 780.7 O54 71271 2023-10-25 e1 12.23 2015-05-20 FACIHED Libros físicos inventario-2023-12-13 No Perdido Clasificación Decimal Dewey No restringido Disponible para préstamos Colección General Educación primaria Biblioteca CRAI UPeU Lima Biblioteca CRAI UPeU Lima Sala principal 2015-05-20 COMPRA 7.23